[Event "Medellin Antioquia-ch"]
[Site "Medellin"]
[Date "2023.04.24"]
[Round "4"]
[White "Valencia, Yovani Esneyder"]
[Black "Valencia Izasa, Victor Manuel"]
[Result "1/2-1/2"]
[WhiteElo "1615"]
[BlackElo "1523"]
[PlyCount "67"]
[EventDate "2023.04.18"]
[EventType "swiss"]
[EventRounds "7"]
[EventCountry "COL"]
[SourceTitle "EXT 2024"]
[Source "ChessBase"]
[SourceDate "2023.10.10"]
[SourceVersion "1"]
[SourceVersionDate "2023.10.10"]
[SourceQuality "1"]

1. d4 e6 2. Bf4 Nf6 3. e3 d5 4. Nf3 Nc6 5. Nbd2 Bd6 6. Bg3 0-0 7. c3 Ne4 8. Bd3 f5 9. Ne5 Nxe5 10. Bxe5 Bxe5 11. dxe5 c5 12. h4 c4 13. Bc2 Qc7 14. f4 Qb6 15. Nxe4 Qxe3+ 16. Qe2 Qxe2+ 17. Kxe2 fxe4 18. Ke3 Bd7 19. g4 Rf7 20. h5 Raf8 21. Raf1 g6 22. hxg6 hxg6 23. g5 Rh7 24. Rxh7 Kxh7 25. Rh1+ Kg7 26. Bd1 Rh8 27. Rxh8 Kxh8 28. Kd4 b6 29. a4 Kg7 30. b4 cxb3 31. Bxb3 b5 32. a5 Kf7 33. Kc5 Ke7 34. Bd1 1/2-1/2